[Event "Titled Tuesday intern op 23rd Apr Late"]
[Site "Chess.com INT"]
[Date "2024.04.23"]
[Round "4"]
[White "Antunez, Soler Luis"]
[Black "Fernandez Siles, Luis"]
[Result "1-0"]
[WhiteElo "2200"]
[BlackElo "2209"]
[PlyCount "69"]
[EventDate "2024.04.23"]
[EventType "swiss (blitz)"]
[EventRounds "11"]
[EventCountry "USA"]
[SourceTitle "CB18_2024"]
[SourceDate "2024.05.01"]
[SourceVersion "1"]
[SourceVersionDate "2024.05.01"]
[SourceQuality "2"]

1. e4 c5 2. Nf3 Nc6 3. Bb5 g6 4. c3 Nf6 5. e5 Nd5 6. d4 cxd4 7. Bxc6 dxc6 8. Qxd4 Bf5 9. 0-0 Bg7 10. Qh4 h6 11. Re1 g5 12. Qg3 Qb6 13. Na3 Qa6 14. Nd4 Bg6 15. e6 f5 16. Bxg5 Bxd4 17. Bd2 Rg8 18. cxd4 0-0-0 19. Qe5 Bh5 20. Rac1 Bf3 21. g3 Be4 22. Rc5 Qd3 23. Nb5 Rd6 24. Nxd6+ exd6 25. Qxd6 Qf3 26. Rxe4 fxe4 27. Rc1 e3 28. fxe3 Nxe3 29. Qd7+ Kb8 30. Qd6+ Ka8 31. Bxe3 Qxe3+ 32. Kg2 Qd2+ 33. Kh3 Qxc1 34. e7 Qf1+ 35. Kh4 1-0

[Event "Titled Tuesday intern op 16th Apr Early"]
[Site "Chess.com INT"]
[Date "2024.04.16"]
[Round "11"]
[White "Fernandez Siles, Luis"]
[Black "Antoniou, Rafail"]
[Result "1-0"]
[WhiteElo "2209"]
[BlackElo "2036"]
[PlyCount "79"]
[EventDate "2024.04.16"]
[EventType "swiss (blitz)"]
[EventRounds "11"]
[EventCountry "USA"]
[SourceTitle "CB17_2024"]
[SourceDate "2024.04.24"]
[SourceVersion "1"]
[SourceVersionDate "2024.04.24"]
[SourceQuality "1"]

1. e4 c5 2. Nf3 e6 3. c3 Nf6 4. e5 Nd5 5. Bc4 d6 6. d4 cxd4 7. cxd4 dxe5 8. dxe5 Be7 9. 0-0 0-0 10. Qe2 Bd7 11. Rd1 Bc6 12. a3 Qc7 13. Nbd2 Nf4 14. Qe3 Ng6 15. b4 Bxf3 16. Qxf3 Nxe5 17. Qg3 Nbd7 18. Bb2 Rac8 19. Rac1 Qb8 20. Ne4 Bh4 21. Qxh4 Rxc4 22. Rxc4 Nxc4 23. Bxg7 Kxg7 24. Qg5+ Kh8 25. Rxd7 Qe5 26. Qxe5+ Nxe5 27. Rxb7 Rd8 28. h3 Ra8 29. f4 Ng6 30. Rxf7 Kg8 31. Rd7 Nxf4 32. Nf6+ Kf8 33. Nxh7+ Ke8 34. Nf6+ Kf8 35. h4 a5 36. b5 a4 37. b6 Nd5 38. b7 Rb8 39. Rxd5 exd5 40. Nd7+ 1-0

[Event "Titled Tuesday intern op 16th Apr Early"]
[Site "Chess.com INT"]
[Date "2024.04.16"]
[Round "9"]
[White "Fernandez Siles, Luis"]
[Black "Malyshev, Vasilij"]
[Result "0-1"]
[WhiteElo "2209"]
[BlackElo "2353"]
[PlyCount "58"]
[EventDate "2024.04.16"]
[EventType "swiss (blitz)"]
[EventRounds "11"]
[EventCountry "USA"]
[SourceTitle "CB17_2024"]
[SourceDate "2024.04.24"]
[SourceVersion "1"]
[SourceVersionDate "2024.04.24"]
[SourceQuality "1"]

1. e4 c5 2. Nf3 e6 3. c3 d5 4. exd5 Qxd5 5. d4 Nf6 6. a3 cxd4 7. cxd4 Nc6 8. Nc3 Qd6 9. Bd3 Be7 10. 0-0 0-0 11. Re1 b6 12. Bc2 Bb7 13. Qd3 Rfd8 14. Be3 Rac8 15. Rad1 g6 16. Bb3 Bf8 17. Bg5 Be7 18. Qe3 Na5 19. Ba2 Nc4 20. Bxc4 Rxc4 21. Ne5 Rcc8 22. Qf4 Kg7 23. Qh4 Re8 24. Re3 Ng8 25. Rh3 h5 26. Qf4 f6 27. Nb5 Qd5 28. Bxf6+ Bxf6 29. Rg3 Bxe5 0-1

[Event "Titled Tuesday intern op 16th Apr Late"]
[Site "Chess.com INT"]
[Date "2024.04.16"]
[Round "9"]
[White "Fernandez Siles, Luis"]
[Black "Mikhalsky, Vladimir"]
[Result "1-0"]
[WhiteElo "2209"]
[BlackElo "2219"]
[PlyCount "75"]
[EventDate "2024.04.16"]
[EventType "swiss (blitz)"]
[EventRounds "11"]
[EventCountry "USA"]
[SourceTitle "CB17_2024"]
[SourceDate "2024.04.24"]
[SourceVersion "1"]
[SourceVersionDate "2024.04.24"]
[SourceQuality "1"]

1. e4 g6 2. Nc3 Bg7 3. f4 c5 4. Nf3 Nc6 5. Bb5 Nd4 6. 0-0 Nxb5 7. Nxb5 d5 8. exd5 Nf6 9. d6 exd6 10. Re1+ Be6 11. d4 Qb6 12. c4 0-0 13. b3 a6 14. dxc5 dxc5 15. Nc3 Rad8 16. Qc2 Bf5 17. Qb2 Ne4 18. Rxe4 Bxe4 19. Ne5 Bf5 20. Nd5 Rxd5 21. cxd5 Re8 22. Qf2 g5 23. Bb2 gxf4 24. Nc4 Qh6 25. Bxg7 Qxg7 26. Rf1 Bd3 27. Re1 Rxe1+ 28. Qxe1 Qd4+ 29. Kh1 Be4 30. Nd6 Bxd5 31. Qe8+ Kg7 32. Nf5+ Kf6 33. Nxd4 cxd4 34. Qe1 f3 35. gxf3 Bxf3+ 36. Kg1 d3 37. Qf2 Ke5 38. Qxf3 1-0

[Event "Titled Tuesday intern op 16th Apr Late"]
[Site "Chess.com INT"]
[Date "2024.04.16"]
[Round "2"]
[White "Fernandez Siles, Luis"]
[Black "Papayan, Oleg"]
[Result "1/2-1/2"]
[WhiteElo "2209"]
[BlackElo "2183"]
[PlyCount "55"]
[EventDate "2024.04.16"]
[EventType "swiss (blitz)"]
[EventRounds "11"]
[EventCountry "USA"]
[SourceTitle "CB17_2024"]
[SourceDate "2024.04.24"]
[SourceVersion "1"]
[SourceVersionDate "2024.04.24"]
[SourceQuality "1"]

1. e4 d5 2. exd5 Qxd5 3. Nc3 Qd8 4. d4 c6 5. Nf3 Bf5 6. Bc4 e6 7. 0-0 Be7 8. Ne5 Nd7 9. Qe2 Nb6 10. Bd3 Bxd3 11. Qxd3 Nf6 12. Bg5 0-0 13. Bxf6 Bxf6 14. Rad1 Bxe5 15. dxe5 Qxd3 16. Rxd3 Nc4 17. Rd7 b6 18. Rc7 c5 19. f4 Nxb2 20. Ne4 Rfc8 21. Rxc8+ Rxc8 22. Nd6 Rd8 23. Rf3 Kf8 24. Rb3 Nd1 25. Rd3 Nb2 26. Rb3 Nd1 27. Rd3 Nb2 28. Rb3 1/2-1/2

[Event "Titled Tuesday intern op 16th Apr Late"]
[Site "Chess.com INT"]
[Date "2024.04.16"]
[Round "10"]
[White "Papasimakopoulos, Alexandros"]
[Black "Fernandez Siles, Luis"]
[Result "1-0"]
[WhiteElo "2402"]
[BlackElo "2209"]
[PlyCount "119"]
[EventDate "2024.04.16"]
[EventType "swiss (blitz)"]
[EventRounds "11"]
[EventCountry "USA"]
[SourceTitle "CB17_2024"]
[SourceDate "2024.04.24"]
[SourceVersion "1"]
[SourceVersionDate "2024.04.24"]
[SourceQuality "1"]

1. d4 Nf6 2. c4 g6 3. Nc3 d5 4. Nf3 Bg7 5. Bg5 Ne4 6. Bf4 Nxc3 7. bxc3 c5 8. e3 Nc6 9. cxd5 Qxd5 10. Qb3 Qxb3 11. axb3 cxd4 12. exd4 Bg4 13. Be2 0-0 14. h3 Bxf3 15. Bxf3 e5 16. Bxc6 bxc6 17. Bxe5 Rfe8 18. f4 f6 19. b4 fxe5 20. fxe5 Bxe5 21. dxe5 Rxe5+ 22. Kf2 Rf8+ 23. Kg1 Rf7 24. Kh2 Re3 25. Rhc1 Rf2 26. Rxa7 Ree2 27. Rg1 Rc2 28. Ra3 Rfd2 29. Ra7 Rf2 30. Rc7 Rxc3 31. Ra1 Rf7 32. Ra8+ Kg7 33. Raa7 Rxc7 34. Rxc7+ Kf6 35. b5 c5 36. Rxh7 Rb3 37. Rb7 c4 38. Rc7 Rxb5 39. Rxc4 g5 40. Kg3 Rb2 41. Rc5 Kg6 42. Rc3 Kf5 43. Kf3 Rb5 44. g3 Ra5 45. g4+ Ke5 46. Re3+ Kf6 47. Rb3 Ke5 48. Kg3 Rc5 49. Rf3 Ke4 50. Ra3 Rb5 51. h4 gxh4+ 52. Kxh4 Ke5 53. Rf3 Rb8 54. g5 Ke6 55. g6 Ke7 56. Kg5 Rh8 57. g7 Rh1 58. Kg6 Rg1+ 59. Kh7 Rh1+ 60. Kg8 1-0

[Event "Titled Tuesday intern op 16th Apr Late"]
[Site "Chess.com INT"]
[Date "2024.04.16"]
[Round "6"]
[White "Potapova, Margarita"]
[Black "Fernandez Siles, Luis"]
[Result "1/2-1/2"]
[WhiteElo "2112"]
[BlackElo "2209"]
[PlyCount "104"]
[EventDate "2024.04.16"]
[EventType "swiss (blitz)"]
[EventRounds "11"]
[EventCountry "USA"]
[SourceTitle "CB17_2024"]
[SourceDate "2024.04.24"]
[SourceVersion "1"]
[SourceVersionDate "2024.04.24"]
[SourceQuality "1"]

1. e4 c5 2. Nf3 Nc6 3. Bb5 g6 4. Bxc6 dxc6 5. d3 Bg7 6. h3 Nf6 7. Nc3 Nd7 8. Be3 b6 9. Qd2 h6 10. 0-0 e5 11. Nh2 Nf8 12. f4 exf4 13. Rxf4 Be6 14. Rf2 g5 15. Nf1 Ng6 16. Ng3 Bd4 17. Raf1 Qd6 18. Nf5 Bxf5 19. Rxf5 Nf4 20. Ne2 Nxe2+ 21. Qxe2 Bxe3+ 22. Qxe3 0-0 23. Rf6 Qd4 24. Qxd4 cxd4 25. Rxh6 c5 26. Rhf6 Kg7 27. R1f5 Rae8 28. Rd6 f6 29. Kf2 Re5 30. Rd7+ Kg6 31. g4 Rf7 32. Rd6 Re8 33. Kg3 Rh8 34. e5 Rhf8 35. a4 Kh6 36. Rfxf6+ Rxf6 37. Rxf6+ Rxf6 38. exf6 Kg6 39. Kf3 Kxf6 40. Ke4 Ke6 41. c3 dxc3 42. bxc3 a6 43. d4 c4 44. d5+ Kd6 45. Kd4 b5 46. a5 Kd7 47. Kc5 Kc7 48. d6+ Kd7 49. Kd5 Kd8 50. Kc5 Kd7 51. Kd5 Kd8 52. Kc5 Kd7 1/2-1/2

[Event "Titled Tuesday intern op 16th Apr Early"]
[Site "Chess.com INT"]
[Date "2024.04.16"]
[Round "1"]
[White "Sipila, Vilka"]
[Black "Fernandez Siles, Luis"]
[Result "1-0"]
[WhiteElo "2447"]
[BlackElo "2209"]
[PlyCount "77"]
[EventDate "2024.04.16"]
[EventType "swiss (blitz)"]
[EventRounds "11"]
[EventCountry "USA"]
[SourceTitle "CB17_2024"]
[SourceDate "2024.04.24"]
[SourceVersion "1"]
[SourceVersionDate "2024.04.24"]
[SourceQuality "1"]

1. b3 e5 2. Bb2 Nc6 3. Nf3 d6 4. d4 exd4 5. Nxd4 Bd7 6. Nc3 Nf6 7. e4 g6 8. Qd2 Bg7 9. 0-0-0 0-0 10. f3 a5 11. Bb5 Nxd4 12. Qxd4 c6 13. Be2 d5 14. Qd3 Be6 15. exd5 Nxd5 16. Nxd5 Bxb2+ 17. Kxb2 Bxd5 18. Qd4 Qe7 19. Rhe1 Qb4 20. Qxb4 axb4 21. Rd4 Rfe8 22. Rxb4 Re5 23. c4 Rae8 24. cxd5 Rxe2+ 25. Rxe2 Rxe2+ 26. Ka3 cxd5 27. g4 Rxh2 28. Rxb7 h5 29. gxh5 gxh5 30. Rd7 Rd2 31. Re7 h4 32. Re5 h3 33. Rg5+ Kf8 34. b4 h2 35. Rh5 d4 36. Kb3 d3 37. a4 Rb2+ 38. Kxb2 d2 39. Kc2 1-0

[Event "Titled Tuesday intern op 02nd Apr Early"]
[Site "Chess.com INT"]
[Date "2024.04.02"]
[Round "4"]
[White "Akesson, Ralf"]
[Black "Fernandez Siles, Luis"]
[Result "0-1"]
[WhiteElo "2372"]
[BlackElo "2209"]
[PlyCount "100"]
[EventDate "2024.04.02"]
[EventType "swiss (blitz)"]
[EventRounds "11"]
[EventCountry "USA"]
[SourceTitle "CB15_2024"]
[SourceDate "2024.04.10"]
[SourceVersion "1"]
[SourceVersionDate "2024.04.10"]
[SourceQuality "1"]

1. Nf3 Nf6 2. c4 g6 3. Nc3 d5 4. cxd5 Nxd5 5. Qa4+ c6 6. Qd4 Nf6 7. Qxd8+ Kxd8 8. d4 Bg7 9. e4 Nfd7 10. Be3 e5 11. 0-0-0 exd4 12. Bxd4 Bxd4 13. Rxd4 f6 14. h4 h5 15. e5 fxe5 16. Nxe5 Rg8 17. Bc4 Rg7 18. Re1 Kc7 19. Nf3 Nf6 20. Ng5 b5 21. Bb3 Na6 22. Rf4 Bf5 23. Be6 Re7 24. Re3 Ng4 25. Re2 Rae8 26. Bxf5 Rxe2 27. Nxe2 Rxe2 28. Bxg4 hxg4 29. Ne4 Nb4 30. Rxg4 Nxa2+ 31. Kb1 Nb4 32. b3 a5 33. f3 a4 34. bxa4 bxa4 35. Nc3 Re1+ 36. Kb2 Nd3+ 37. Kc2 Ne5 38. Rxa4 Rg1 39. g4 Nxf3 40. g5 c5 41. Rf4 Nd4+ 42. Kd3 Rg3+ 43. Kd2 Rh3 44. Rf7+ Kd6 45. Rf6+ Ke5 46. Rxg6 Rxh4 47. Rg8 Rg4 48. g6 Ne6 49. Kc2 c4 50. Kb2 Kf6 0-1

[Event "Titled Tuesday intern op 02nd Apr Early"]
[Site "Chess.com INT"]
[Date "2024.04.02"]
[Round "1"]
[White "Djokic, Mihailo"]
[Black "Fernandez Siles, Luis"]
[Result "1-0"]
[WhiteElo "2139"]
[BlackElo "2209"]
[PlyCount "113"]
[EventDate "2024.04.02"]
[EventType "swiss (blitz)"]
[EventRounds "11"]
[EventCountry "USA"]
[SourceTitle "CB15_2024"]
[SourceDate "2024.04.10"]
[SourceVersion "1"]
[SourceVersionDate "2024.04.10"]
[SourceQuality "1"]

1. e4 c5 2. Nf3 Nc6 3. d4 cxd4 4. Nxd4 Nf6 5. Nc3 e5 6. Ndb5 d6 7. Bg5 a6 8. Bxf6 gxf6 9. Na3 b5 10. Nd5 f5 11. c3 Bg7 12. exf5 Bxf5 13. Nc2 Be6 14. Nce3 Ne7 15. a4 Nxd5 16. Nxd5 0-0 17. Be2 Kh8 18. 0-0 Rb8 19. axb5 axb5 20. Ra6 f5 21. Qd2 Bc8 22. Ra7 Bb7 23. Rd1 Bxd5 24. Qxd5 Qb6 25. Rd7 Rfd8 26. Rxd6 Rxd6 27. Qxd6 Qxd6 28. Rxd6 b4 29. cxb4 e4 30. b3 Rc8 31. Bc4 Bf8 32. Rf6 Bxb4 33. Rxf5 Rd8 34. g3 Rd1+ 35. Kg2 Rd2 36. Rg5 h6 37. Rf5 e3 38. Kf1 exf2 39. Rxf2 Rxf2+ 40. Kxf2 Kg7 41. Kf3 Kf6 42. Ke4 Ke7 43. Kd5 Kd7 44. Bb5+ Kc7 45. g4 Be1 46. h3 Bh4 47. Bd3 Kb6 48. b4 Be1 49. b5 Bh4 50. Ke6 Bf2 51. Kf5 Be3 52. Kg6 Kc7 53. h4 Kd6 54. g5 hxg5 55. hxg5 Ke7 56. Bc4 Kf8 57. Kf6 1-0

[Event "Titled Tuesday intern op 02nd Apr Late"]
[Site "Chess.com INT"]
[Date "2024.04.02"]
[Round "3"]
[White "Fernandez Siles, Luis"]
[Black "Diaz Garcia, Lianet"]
[Result "1-0"]
[WhiteElo "2209"]
[BlackElo "1992"]
[PlyCount "47"]
[EventDate "2024.04.02"]
[EventType "swiss (blitz)"]
[EventRounds "11"]
[EventCountry "USA"]
[SourceTitle "CB15_2024"]
[SourceDate "2024.04.10"]
[SourceVersion "1"]
[SourceVersionDate "2024.04.10"]
[SourceQuality "1"]

1. e4 c5 2. Nf3 Nc6 3. c3 Nf6 4. e5 Nd5 5. d4 cxd4 6. cxd4 d6 7. Bc4 Nb6 8. Bb5 dxe5 9. Nxe5 Bd7 10. Nxd7 Qxd7 11. Nc3 e6 12. Qg4 0-0-0 13. Be3 h5 14. Qf3 Kb8 15. 0-0 Nd5 16. Rfc1 a6 17. Ba4 Nxc3 18. bxc3 Qd5 19. Qxf7 Bd6 20. c4 Qa5 21. Bxc6 bxc6 22. Rab1+ Bb4 23. a3 Rhf8 24. Qe7 1-0

[Event "Titled Tuesday intern op 02nd Apr Early"]
[Site "Chess.com INT"]
[Date "2024.04.02"]
[Round "5"]
[White "Fernandez Siles, Luis"]
[Black "Taichman, Ori"]
[Result "0-1"]
[WhiteElo "2209"]
[BlackElo "2329"]
[PlyCount "80"]
[EventDate "2024.04.02"]
[EventType "swiss (blitz)"]
[EventRounds "11"]
[EventCountry "USA"]
[SourceTitle "CB15_2024"]
[SourceDate "2024.04.10"]
[SourceVersion "1"]
[SourceVersionDate "2024.04.10"]
[SourceQuality "1"]

1. e4 c5 2. Nf3 Nc6 3. c3 Nf6 4. e5 Nd5 5. d4 cxd4 6. cxd4 d6 7. Bc4 Nb6 8. Bb5 Bd7 9. exd6 e6 10. Bg5 Qb8 11. 0-0 Bxd6 12. Nc3 0-0 13. Ne4 a6 14. Bd3 Bf4 15. g3 Bc7 16. Rc1 h6 17. Bd2 Ne7 18. Qe2 Bc6 19. Bb4 Nbd5 20. Bd2 Rd8 21. h4 Nf5 22. Bb1 Bb5 23. Bd3 Bxd3 24. Qxd3 Qa7 25. Kg2 Bb6 26. Bc3 Rac8 27. Rfd1 Qb8 28. Ne5 f6 29. Ng6 Kf7 30. h5 Bc7 31. g4 Nh4+ 32. Nxh4 Nf4+ 33. Kf3 Nxd3 34. Rxd3 b5 35. Re1 Qb7 36. Ke3 b4 37. Bd2 Bb6 38. Nf3 e5 39. Ke2 Bxd4 40. Rd1 Qxe4+ 0-1

[Event "Titled Tuesday intern op 02nd Apr Early"]
[Site "Chess.com INT"]
[Date "2024.04.02"]
[Round "3"]
[White "Hasangatin, Ramil"]
[Black "Fernandez Siles, Luis"]
[Result "0-1"]
[WhiteElo "2444"]
[BlackElo "2209"]
[PlyCount "98"]
[EventDate "2024.04.02"]
[EventType "swiss (blitz)"]
[EventRounds "11"]
[EventCountry "USA"]
[SourceTitle "CB15_2024"]
[SourceDate "2024.04.10"]
[SourceVersion "1"]
[SourceVersionDate "2024.04.10"]
[SourceQuality "1"]

1. e4 c5 2. Nf3 Nc6 3. Bb5 g6 4. 0-0 Bg7 5. c3 Nf6 6. Qa4 0-0 7. d4 cxd4 8. cxd4 d5 9. e5 Ne4 10. Bxc6 bxc6 11. Qxc6 Bg4 12. Be3 Rb8 13. Nbd2 Nxd2 14. Nxd2 Rb6 15. Qc3 Qb8 16. Nb3 Rc8 17. Qa5 e6 18. Rfc1 Rbc6 19. h3 Bf5 20. Rxc6 Rxc6 21. Rc1 Rxc1+ 22. Bxc1 h6 23. Be3 g5 24. Qc3 Qb5 25. Nd2 Qe2 26. a4 g4 27. hxg4 Qd1+ 28. Kh2 Qxg4 29. Qc1 Qe2 30. Qf1 Qh5+ 31. Kg1 Bf8 32. Qc1 Qe2 33. Nf1 Bd3 34. Ng3 Qg4 35. Bxh6 Bxh6 36. Qxh6 Qxd4 37. Qg5+ Bg6 38. Nh5 Qd1+ 39. Kh2 Qxh5+ 40. Qxh5 Bxh5 41. b4 Bd1 42. a5 Be2 43. Kg3 Kg7 44. Kf4 Kg6 45. Ke3 Bb5 46. g4 Kg5 47. f3 a6 48. Kd4 Kf4 49. Kc5 Kxf3 0-1

[Event "Titled Tuesday intern op 13th Feb Early"]
[Site "Chess.com INT"]
[Date "2024.02.13"]
[Round "4"]
[White "Montiel Caceres, Helen"]
[Black "Fernandez Siles, Luis"]
[Result "1-0"]
[WhiteElo "1682"]
[BlackElo "2218"]
[PlyCount "53"]
[EventDate "2024.02.13"]
[EventType "swiss (blitz)"]
[EventRounds "11"]
[EventCountry "USA"]
[SourceTitle "CB08_2024"]
[SourceDate "2024.02.21"]
[SourceVersion "1"]
[SourceVersionDate "2024.02.21"]
[SourceQuality "1"]

1. e4 c5 2. Nf3 Nc6 3. d4 cxd4 4. Nxd4 Nf6 5. Nc3 e5 6. Nde2 Bc5 7. Ng3 h5 8. Bg5 Qb6 9. Qd2 Ng4 10. Nd1 f6 11. Be3 Nxe3 12. Nxe3 Qxb2 13. Rc1 Ba3 14. Ne2 Nd4 15. Nc4 Qxa2 16. Nxa3 Nxe2 17. Bxe2 Qxa3 18. 0-0 h4 19. h3 Rh6 20. Qd5 Ke7 21. Rfd1 d6 22. Bc4 Kd7 23. Qf7+ Kc6 24. Qxg7 Rh5 25. Qxf6 Bxh3 26. Ra1 Qc3 27. Qxd6# 1-0

[Event "Titled Tuesday intern op 13th Feb Early"]
[Site "Chess.com INT"]
[Date "2024.02.13"]
[Round "11"]
[White "Moskvin, Anatoly"]
[Black "Fernandez Siles, Luis"]
[Result "1-0"]
[WhiteElo "2192"]
[BlackElo "2218"]
[PlyCount "59"]
[EventDate "2024.02.13"]
[EventType "swiss (blitz)"]
[EventRounds "11"]
[EventCountry "USA"]
[SourceTitle "CB08_2024"]
[SourceDate "2024.02.21"]
[SourceVersion "1"]
[SourceVersionDate "2024.02.21"]
[SourceQuality "1"]

1. e4 c5 2. b4 cxb4 3. d4 d5 4. exd5 Nf6 5. a3 Nxd5 6. axb4 e5 7. c3 exd4 8. Qxd4 Nc6 9. Qe4+ Be6 10. Nf3 Be7 11. b5 Na5 12. Nd4 0-0 13. Nxe6 fxe6 14. Bd3 Nf6 15. Qxe6+ Kh8 16. Bc2 Bc5 17. 0-0 Qc7 18. Bg5 Rae8 19. Qh3 Ne4 20. Bxe4 Rxe4 21. Nd2 Re2 22. Nf3 Nc4 23. Rae1 Rxe1 24. Rxe1 Nb2 25. Be3 Bd6 26. Ng5 h6 27. Bd4 Kg8 28. Qe6+ Kh8 29. Qxh6+ Kg8 30. Qh7# 1-0

[Event "Titled Tuesday intern op 13th Feb Early"]
[Site "Chess.com INT"]
[Date "2024.02.13"]
[Round "7"]
[White "Petesch, Gabriel N"]
[Black "Fernandez Siles, Luis"]
[Result "0-1"]
[WhiteElo "2320"]
[BlackElo "2218"]
[PlyCount "52"]
[EventDate "2024.02.13"]
[EventType "swiss (blitz)"]
[EventRounds "11"]
[EventCountry "USA"]
[SourceTitle "CB08_2024"]
[SourceDate "2024.02.21"]
[SourceVersion "1"]
[SourceVersionDate "2024.02.21"]
[SourceQuality "1"]

1. d3 e5 2. Nf3 Nc6 3. Nc3 f5 4. g3 Nf6 5. Bg2 Bc5 6. 0-0 d6 7. Bg5 h6 8. Bxf6 Qxf6 9. Nd5 Qf7 10. Nd2 Be6 11. c4 a5 12. Qb3 Nd4 13. Qxb7 Nxe2+ 14. Kh1 0-0 15. Nb3 Ra7 16. Nxc5 Rxb7 17. Nxb7 f4 18. Be4 c6 19. Nxd6 Qd7 20. Nc3 Nxc3 21. bxc3 Qxd6 22. Rfe1 f3 23. Rad1 Qd7 24. Rd2 Qf7 25. h4 Qh5 26. Kh2 Qg4 0-1

[Event "Titled Tuesday intern op 06th Feb Early"]
[Site "Chess.com INT"]
[Date "2024.02.06"]
[Round "5"]
[White "Balla, Tamas Kristof"]
[Black "Fernandez Siles, Luis"]
[Result "1-0"]
[WhiteElo "2283"]
[BlackElo "2218"]
[PlyCount "65"]
[EventDate "2024.02.06"]
[EventType "swiss (blitz)"]
[EventRounds "11"]
[EventCountry "USA"]
[SourceTitle "CB07_2024"]
[SourceDate "2024.02.14"]
[SourceVersion "1"]
[SourceVersionDate "2024.02.14"]
[SourceQuality "1"]

1. e4 c5 2. c3 d5 3. exd5 Nf6 4. d4 cxd4 5. cxd4 Nxd5 6. Nf3 g6 7. Bc4 Bg7 8. Nc3 Nxc3 9. bxc3 0-0 10. 0-0 Nc6 11. Re1 Na5 12. Bb3 Qc7 13. Ba3 Re8 14. Ne5 Nxb3 15. Qxb3 Be6 16. d5 Bxe5 17. dxe6 f6 18. Re3 Bxh2+ 19. Kh1 Bf4 20. Rh3 Rad8 21. Qa4 Bd6 22. Qh4 h5 23. Bb2 b5 24. Qe4 Kg7 25. Re1 Qc4 26. Qc2 Be5 27. Rhe3 b4 28. a4 Bxc3 29. Bxc3 bxc3 30. Rxc3 Qb4 31. Rg3 Qxe1+ 32. Kh2 Qe5 33. Qxg6+ 1-0

[Event "Titled Tuesday intern op 16th Jan Early"]
[Site "Chess.com INT"]
[Date "2024.01.16"]
[Round "4"]
[White "Balint, Peter1"]
[Black "Fernandez Siles, Luis"]
[Result "1-0"]
[WhiteElo "2212"]
[BlackElo "2218"]
[PlyCount "77"]
[EventDate "2024.01.16"]
[EventType "swiss (blitz)"]
[EventRounds "11"]
[EventCountry "USA"]
[SourceTitle "CB04_2024"]
[SourceDate "2023.10.16"]
[SourceVersion "1"]
[SourceVersionDate "2023.10.16"]
[SourceQuality "1"]

1. e4 c5 2. Nf3 Nc6 3. Bb5 g6 4. 0-0 Bg7 5. Re1 Nf6 6. e5 Nd5 7. Nc3 Nc7 8. Bxc6 dxc6 9. h3 0-0 10. d3 Nd5 11. Ne2 b6 12. a4 a5 13. Nf4 Nxf4 14. Bxf4 Be6 15. Qd2 Qd7 16. Bh6 Bd5 17. Nh2 f5 18. exf6 exf6 19. Ng4 Rae8 20. Qf4 g5 21. Qg3 Bxh6 22. Nxh6+ Kg7 23. Ng4 h6 24. Ne3 Be6 25. Rad1 f5 26. f4 Qd6 27. Rf1 Kh7 28. Qf2 Qd4 29. c3 Qxf4 30. Qxf4 gxf4 31. Rxf4 Bb3 32. Re1 Re5 33. Kf2 Kg6 34. g4 Rf6 35. gxf5+ Kg5 36. Rg1+ Kh5 37. Rgg4 Be6 38. Rh4+ Kg5 39. Rfg4# 1-0

[Event "Titled Tuesday intern op 16th Jan Early"]
[Site "Chess.com INT"]
[Date "2024.01.16"]
[Round "3"]
[White "Fernandez Siles, Luis"]
[Black "Chor, Kevin"]
[Result "0-1"]
[WhiteElo "2218"]
[BlackElo "1944"]
[PlyCount "114"]
[EventDate "2024.01.16"]
[EventType "swiss (blitz)"]
[EventRounds "11"]
[EventCountry "USA"]
[SourceTitle "CB04_2024"]
[SourceDate "2023.10.16"]
[SourceVersion "1"]
[SourceVersionDate "2023.10.16"]
[SourceQuality "1"]

1. e4 c5 2. Nf3 Nc6 3. c3 Nf6 4. e5 Nd5 5. d4 cxd4 6. cxd4 d6 7. Bc4 Nb6 8. Bb5 dxe5 9. Nxe5 Bd7 10. Nxd7 Qxd7 11. 0-0 a6 12. Bxc6 Qxc6 13. Nc3 e6 14. Qg4 Rd8 15. Rd1 h5 16. Qg5 Nd5 17. Ne4 Nb4 18. Nc3 Nc2 19. Rb1 Nb4 20. Be3 Nd5 21. Rbc1 Nxe3 22. fxe3 Rh6 23. d5 Qb6 24. dxe6 Rxe6 25. Nd5 Rxd5 26. Rxd5 Qxe3+ 27. Qxe3 Rxe3 28. Rc8+ Ke7 29. Rc7+ Ke6 30. Rd8 Be7 31. Rd2 Bh4 32. g3 Bg5 33. Kf2 Kf6 34. Re2 Rd3 35. Rxb7 Rd1 36. Rb6+ Kf5 37. Rxa6 Kg4 38. Kg2 f5 39. Ra4+ f4 40. h3+ Kf5 41. Ra5+ Kg6 42. Re6+ Bf6 43. gxf4 Rd2+ 44. Kf3 Rxb2 45. Rc6 h4 46. Rcc5 Rh2 47. Rg5+ Bxg5 48. Rxg5+ Kf6 49. Kg4 Rxa2 50. Kxh4 Ra4 51. Kg4 Ra3 52. Rb5 Rc3 53. h4 Kg6 54. h5+ Kh7 55. Rb6 Rc1 56. h6 Rg1+ 57. Kf5 gxh6 0-1

[Event "Titled Tuesday intern op 16th Jan Early"]
[Site "Chess.com INT"]
[Date "2024.01.16"]
[Round "2"]
[White "Ljukin, Sergei"]
[Black "Fernandez Siles, Luis"]
[Result "0-1"]
[WhiteElo "2362"]
[BlackElo "2218"]
[PlyCount "60"]
[EventDate "2024.01.16"]
[EventType "swiss (blitz)"]
[EventRounds "11"]
[EventCountry "USA"]
[SourceTitle "CB04_2024"]
[SourceDate "2023.10.16"]
[SourceVersion "1"]
[SourceVersionDate "2023.10.16"]
[SourceQuality "1"]

1. e4 c5 2. Nf3 Nc6 3. d4 cxd4 4. Nxd4 Nf6 5. Nc3 e5 6. Ndb5 d6 7. Nd5 Nxd5 8. exd5 Nb8 9. a4 Be7 10. Be2 0-0 11. 0-0 f5 12. f4 Bf6 13. a5 Na6 14. Be3 Nc5 15. Rb1 a6 16. Na3 Ne4 17. Nc4 Bd7 18. fxe5 dxe5 19. Nb6 Rb8 20. c4 Bg5 21. Bxg5 Nxg5 22. c5 Rf6 23. Qb3 Rg6 24. c6 bxc6 25. dxc6+ Be6 26. Bc4 Kh8 27. Bxe6 Nxe6 28. Qc4 Nf4 29. c7 Rxg2+ 30. Kh1 Rxh2+ 0-1

[Event "Titled Tuesday intern op 16th Jan Early"]
[Site "Chess.com INT"]
[Date "2024.01.16"]
[Round "1"]
[White "Toncheva, Nadya"]
[Black "Fernandez Siles, Luis"]
[Result "1-0"]
[WhiteElo "2257"]
[BlackElo "2218"]
[PlyCount "73"]
[EventDate "2024.01.16"]
[EventType "swiss (blitz)"]
[EventRounds "11"]
[EventCountry "USA"]
[SourceTitle "CB04_2024"]
[SourceDate "2023.10.16"]
[SourceVersion "1"]
[SourceVersionDate "2023.10.16"]
[SourceQuality "1"]

1. e4 c5 2. c3 d5 3. exd5 Nf6 4. Qa4+ Bd7 5. Qb3 Qb6 6. Qxb6 axb6 7. c4 g6 8. Nf3 Bg7 9. Nc3 0-0 10. d3 Na6 11. Be2 b5 12. 0-0 Nc7 13. Be3 b6 14. Ne5 Be8 15. Bf4 b4 16. Ne4 h5 17. h4 Nxe4 18. dxe4 b5 19. cxb5 Nxb5 20. Nc4 Nd4 21. Bd3 Bb5 22. Bg5 Ra7 23. a3 Nb3 24. Rab1 Bxc4 25. Bxc4 Na5 26. Be2 Rb8 27. Be3 Rc7 28. Bf4 Rcb7 29. Bxb8 Rxb8 30. Rfc1 Bd4 31. a4 Nb3 32. Rd1 Bf6 33. g3 Nd4 34. Bf1 Ra8 35. b3 Kf8 36. Bc4 Ne2+ 37. Bxe2 1-0